Online Catalogue and eLibrary

Vzhigal suwacshikum iravugal (Record no. 4984)

MARC details
000 -LEADER
fixed length control field 00376nam a2200157Ia 4500
005 - DATE AND TIME OF LATEST TRANSACTION
control field 20250317174215.0
008 - FIXED-LENGTH DATA ELEMENTS--GENERAL INFORMATION
fixed length control field 240331s9999 xx 000 0 und d
020 ## - INTERNATIONAL STANDARD BOOK NUMBER
ISBN 9789558354216
082 ## - DDC Classification
Item Number - Author Mark JAF
Class No. 894
100 ## - MAIN ENTRY--PERSONAL NAME
Personal name Jafeer,A.M
245 #0 - TITLE STATEMENT
Title Vzhigal suwacshikum iravugal
260 ## - PUBLICATION, DISTRIBUTION, ETC.
Place of publication, distribution, etc. colombo
Name of publisher, distributor, etc. Gnanam pathippakam
Date of publication, distribution, etc. 2008
300 ## - PHYSICAL DESCRIPTION
Extent (e.g. Volumes, Pages etc.) 72 p .,
650 ## - SUBJECT ADDED ENTRY--TOPICAL TERM
Topical term or geographic name entry element poems
942 ## - Koha item type (Biblio)
Koha item type Books in Stacks (Lending)
Holdings
Lost status Damaged status Collection code Home library Current library Shelving location Date acquired Full call number Accession Number Item type
    Lending WERC Library WERC Library Social Science Cupboard 03/31/2024 894.811 JAF 5113 Books in Stacks (Lending)

© WERC Library